[Event "Mittelrhein Regionalliga 18/19"]
[Site "Nordrheinwestfalen"]
[Date "2019.03.10"]
[Round "8.7"]
[White "Dick, Matthias"]
[Black "Vetter, Herbert"]
[Result "1/2-1/2"]
[WhiteElo "1994"]
[BlackElo "2072"]
[PlyCount "51"]
[EventDate "2018.10.28"]
[EventType "team-tourn"]
[EventRounds "11"]
[EventCountry "GER"]
[SourceTitle "EXT 2022"]
[Source "ChessBase"]
[SourceDate "2021.10.06"]
[SourceVersion "1"]
[SourceVersionDate "2021.10.06"]
[SourceQuality "1"]
[WhiteTeam "Koeln SF II"]
[BlackTeam "Langenfeld"]
[WhiteTeamCountry "GER"]
[BlackTeamCountry "GER"]

1. Nf3 c5 2. c4 Nc6 3. Nc3 Nf6 4. d4 cxd4 5. Nxd4 g6 6. g3 Bg7 7. Bg2 Qb6 8. Nc2 0-0 9. 0-0 d6 10. Rb1 Qc5 11. b3 Qh5 12. Nd5 Nxd5 13. cxd5 Ne5 14. f4 Ng4 15. h3 Nf6 16. e4 Qxd1 17. Rxd1 Bd7 18. Bb2 Rfc8 19. Rdc1 Nh5 20. Bxg7 Kxg7 21. Kf2 Rc7 22. Nd4 Rac8 23. Rxc7 Rxc7 24. Rb2 Rc3 25. Ne2 Rc5 26. Nd4 1/2-1/2

[Event "NRW Class2 0607"]
[Site "Germany"]
[Date "2006.12.17"]
[Round "4.3"]
[White "Fehr, Axel"]
[Black "Vetter, Herbert"]
[Result "1-0"]
[WhiteElo "2123"]
[BlackElo "2303"]
[PlyCount "67"]
[EventDate "2006.09.17"]
[EventType "team-tourn"]
[EventRounds "9"]
[EventCountry "GER"]
[SourceTitle "EXT 2008"]
[Source "ChessBase"]
[SourceDate "2007.11.25"]
[SourceVersion "1"]
[SourceVersionDate "2007.11.25"]
[SourceQuality "1"]
[WhiteTeam "Brackweda"]
[BlackTeam "Monheim"]
[WhiteTeamCountry "GER"]
[BlackTeamCountry "GER"]

1. c4 e5 2. Nc3 Nc6 3. g3 g6 4. Bg2 Bg7 5. d3 d6 6. e4 Nge7 7. Nge2 0-0 8. 0-0 Nd4 9. Nxd4 exd4 10. Ne2 Bg4 11. h3 Bd7 12. Kh2 Rb8 13. b4 b5 14. cxb5 Rxb5 15. Bd2 Nc6 16. a4 Rh5 17. Nf4 Rh6 18. Nd5 g5 19. Rc1 Ne5 20. Rxc7 Nxd3 21. Bxg5 Qxg5 22. Rxd7 Ne5 23. f4 Qg4 24. Rxa7 Qxd1 25. Rxd1 Ng4+ 26. Kg1 Ne3 27. Ne7+ Kh8 28. Rd3 Re8 29. b5 Re6 30. Nc6 Nxg2 31. Kxg2 Rxe4 32. b6 Re3 33. Rxe3 dxe3 34. Re7 1-0

[Event "NRW Class2 0607"]
[Site "Germany"]
[Date "2006.10.29"]
[Round "2.2"]
[White "Vetter, Herbert"]
[Black "Saiboulatov, Danial"]
[Result "0-1"]
[WhiteElo "2303"]
[BlackElo "2431"]
[PlyCount "102"]
[EventDate "2006.09.17"]
[EventType "team-tourn"]
[EventRounds "9"]
[EventCountry "GER"]
[SourceTitle "EXT 2007"]
[Source "ChessBase"]
[SourceDate "2006.11.23"]
[SourceVersion "1"]
[SourceVersionDate "2006.11.23"]
[SourceQuality "1"]
[WhiteTeam "Monheim"]
[BlackTeam "Koeln Brueck"]
[WhiteTeamCountry "GER"]
[BlackTeamCountry "GER"]

1. e4 e6 2. d4 d5 3. Nc3 Bb4 4. e5 c5 5. a3 Bxc3+ 6. bxc3 Qc7 7. Nf3 Bd7 8. Bd3 Ba4 9. 0-0 c4 10. Be2 Ne7 11. Nh4 Ng6 12. Bg5 h6 13. Nxg6 fxg6 14. Bh4 Nc6 15. Bg4 Qf7 16. f4 Kd7 17. Qf3 Kc7 18. Qh3 Rae8 19. Rf2 Nb8 20. Qe3 Nd7 21. Qc1 b6 22. Qb2 a5 23. Raf1 Kb7 24. Bf3 Ka7 25. Qc1 Qg8 26. g3 Qh7 27. Bg4 Rhf8 28. Bf3 Ka6 29. Bg2 Rf7 30. Bf3 Ka7 31. Re1 Rff8 32. Ree2 Nb8 33. Qf1 Na6 34. Rd2 Nc7 35. Be2 Rf7 36. Bxc4 dxc4 37. Qxc4 Bb5 38. Qb3 Bc6 39. c4 g5 40. d5 exd5 41. cxd5 Bxd5 42. Rxd5 Nxd5 43. Qxd5 Qf5 44. g4 Qxg4+ 45. Rg2 Qxf4 46. Rf2 Qg4+ 47. Kh1 Rfe7 48. Bg3 Qe6 49. c4 Rd7 50. Qb5 Rc8 51. Rb2 Rxc4 0-1

[Event "NRW Class1 0506"]
[Site "Germany"]
[Date "2006.05.07"]
[Round "9.3"]
[White "Auer, Martin"]
[Black "Vetter, Herbert"]
[Result "0-1"]
[WhiteElo "2340"]
[BlackElo "2259"]
[PlyCount "76"]
[EventDate "2005.09.25"]
[EventType "team"]
[EventRounds "9"]
[EventCountry "GER"]
[SourceTitle "EXT 2006"]
[Source "ChessBase"]
[SourceDate "2005.11.24"]
[SourceVersion "1"]
[SourceVersionDate "2005.11.24"]
[SourceQuality "1"]
[WhiteTeam "Solingen III"]
[BlackTeam "Monheim"]
[WhiteTeamCountry "GER"]
[BlackTeamCountry "GER"]

1. e4 c5 2. Nf3 e6 3. d4 cxd4 4. Nxd4 a6 5. Nc3 Bb4 6. Bd3 Qf6 7. Nde2 Nc6 8. Be3 Nge7 9. a3 Ba5 10. f4 d5 11. e5 Qh4+ 12. Bf2 Qg4 13. 0-0 g5 14. Bc5 gxf4 15. Rxf4 Qg7 16. Ng3 Qxe5 17. Qf1 Bxc3 18. bxc3 Qxc3 19. Bxe7 Nxe7 20. Rxf7 Nf5 21. Rxf5 exf5 22. Re1+ Kd8 23. Qf2 Rf8 24. Ne2 Qc6 25. Nf4 Bd7 26. Re5 Rc8 27. Rxd5 Rc7 28. Qd4 Qf6 29. Re5 Rc6 30. Nd5 Qd6 31. Qh4+ Kc8 32. Ne7+ Kb8 33. Nxc6+ Bxc6 34. Qf4 Ka7 35. Qe3+ Ka8 36. Qf4 Qxa3 37. Rxf5 Re8 38. Re5 Qa1+ 0-1

[Event "NRW Class1 0506"]
[Site "Germany"]
[Date "2006.04.02"]
[Round "8.3"]
[White "Vetter, Herbert"]
[Black "Berndt, Axel"]
[Result "1-0"]
[WhiteElo "2259"]
[BlackElo "2246"]
[PlyCount "81"]
[EventDate "2005.09.25"]
[EventType "team"]
[EventRounds "9"]
[EventCountry "GER"]
[SourceTitle "EXT 2006"]
[Source "ChessBase"]
[SourceDate "2005.11.24"]
[SourceVersion "1"]
[SourceVersionDate "2005.11.24"]
[SourceQuality "1"]
[WhiteTeam "Monheim"]
[BlackTeam "Duesseldorf II"]
[WhiteTeamCountry "GER"]
[BlackTeamCountry "GER"]

1. e4 Nf6 2. e5 Nd5 3. Nf3 d6 4. Bc4 Nb6 5. Bb3 c5 6. c3 d5 7. d4 cxd4 8. cxd4 Nc6 9. h3 Bf5 10. Nc3 Na5 11. Nh4 Nxb3 12. axb3 Bg6 13. Nxg6 hxg6 14. e6 Qd6 15. exf7+ Kxf7 16. 0-0 a6 17. Bg5 Qd7 18. Re1 e6 19. Qf3+ Kg8 20. Re2 Rh5 21. Qg4 Re8 22. Rae1 Kf7 23. Re3 Be7 24. Bxe7 Qxe7 25. Rxe6 Qxe6 26. Rxe6 Rxe6 27. Qf4+ Rf5 28. Qc7+ Kg8 29. Qxb7 a5 30. Qa6 Rf4 31. Nb5 Re1+ 32. Kh2 Nd7 33. Qxa5 Re2 34. Nc3 Rxb2 35. Qxd5+ Rf7 36. Nb5 Nf6 37. Qc4 Kf8 38. d5 Rd7 39. Nc7 Kg8 40. Ne6 Rxd5 41. Nf4 1-0

[Event "NRW Class1 0506"]
[Site "Germany"]
[Date "2005.10.09"]
[Round "2.3"]
[White "Deleyn, Gunter"]
[Black "Vetter, Herbert"]
[Result "1/2-1/2"]
[WhiteElo "2300"]
[BlackElo "2259"]
[PlyCount "83"]
[EventDate "2005.09.25"]
[EventType "team"]
[EventRounds "9"]
[EventCountry "GER"]
[SourceTitle "EXT 2006"]
[Source "ChessBase"]
[SourceDate "2005.11.24"]
[SourceVersion "1"]
[SourceVersionDate "2005.11.24"]
[SourceQuality "1"]
[WhiteTeam "Castrop Rauxel"]
[BlackTeam "Monheim"]
[WhiteTeamCountry "GER"]
[BlackTeamCountry "GER"]

1. c4 Nf6 2. g3 c5 3. Bg2 Nc6 4. Nc3 g6 5. e3 Bg7 6. Nge2 0-0 7. 0-0 e6 8. e4 Ne8 9. a3 f5 10. f4 Nd6 11. e5 Nxc4 12. d3 N4a5 13. Be3 Nd4 14. b4 Nxe2+ 15. Nxe2 cxb4 16. axb4 Nc6 17. Bc5 Rf7 18. b5 Ne7 19. b6 a6 20. Nc3 d5 21. exd6 Bxc3 22. dxe7 Qe8 23. Rc1 Bf6 24. Qb3 Bxe7 25. Bxe7 Rxe7 26. Rc7 Rxc7 27. bxc7 Qd7 28. Qb6 a5 29. Bxb7 Bxb7 30. Qxb7 Rc8 31. Rc1 a4 32. Kf2 a3 33. Ke3 a2 34. Qb3 Kf7 35. Qxa2 Rxc7 36. Rxc7 Qxc7 37. Qc4 Qa5 38. Ke2 Qa7 39. Qc6 Qa2+ 40. Ke3 Qxh2 41. Qd7+ Kf6 42. Qd8+ 1/2-1/2

[Event "NRW Class2 0405"]
[Site "Germany"]
[Date "2005.01.30"]
[Round "6.3"]
[White "Essing, Arnold"]
[Black "Vetter, Herbert"]
[Result "1/2-1/2"]
[WhiteElo "2263"]
[BlackElo "2244"]
[PlyCount "96"]
[EventDate "2004.10.10"]
[EventType "team"]
[EventRounds "9"]
[EventCountry "GER"]
[SourceTitle "EXT 2006"]
[Source "ChessBase"]
[SourceDate "2005.11.24"]
[SourceVersion "1"]
[SourceVersionDate "2005.11.24"]
[SourceQuality "1"]
[WhiteTeam "Neuenkirchen"]
[BlackTeam "Monheim"]
[WhiteTeamCountry "GER"]
[BlackTeamCountry "GER"]

1. d4 Nf6 2. Nf3 g6 3. c4 Bg7 4. Nc3 d5 5. cxd5 Nxd5 6. Qb3 Nb6 7. e4 0-0 8. Be3 a5 9. a3 a4 10. Qc2 c6 11. Be2 Be6 12. 0-0 Bb3 13. Qc1 Nc4 14. Bh6 b5 15. Bxg7 Kxg7 16. Bd1 Na5 17. Qf4 Bc4 18. Re1 Na6 19. Bc2 Nc7 20. Rad1 Ne6 21. Qe3 Qb6 22. h4 Bb3 23. Bxb3 axb3 24. d5 Qxe3 25. Rxe3 Nc5 26. dxc6 Nc4 27. Re2 Rac8 28. Nxb5 Rxc6 29. Nfd4 Rcc8 30. Na7 Ra8 31. Ndc6 Na4 32. Rd3 Naxb2 33. Rxb3 Na4 34. Rb4 Ne5 35. Nxe5 Rxa7 36. Rc2 Rfa8 37. Rcc4 Kf8 38. Nc6 Rc7 39. Rxa4 Rxa4 40. Rxa4 Rxc6 41. Rb4 Rc3 42. a4 Ra3 43. Kf1 Ra2 44. g4 h6 45. Ke1 f6 46. f3 Kf7 47. Kd1 Ke6 48. Kc1 Kd6 1/2-1/2

[Event "Oberliga NRW 0102 I"]
[Site "Germany"]
[Date "2002.05.05"]
[Round "9.7"]
[White "Vetter, Herbert"]
[Black "Fuchs, Thomas"]
[Result "1-0"]
[WhiteElo "2224"]
[BlackElo "2040"]
[PlyCount "141"]
[EventDate "2001.10.??"]
[EventType "team"]
[EventRounds "9"]
[EventCountry "GER"]
[SourceTitle "EXT 2004"]
[Source "ChessBase"]
[SourceDate "2003.11.25"]
[SourceVersion "1"]
[SourceVersionDate "2003.11.25"]
[SourceQuality "1"]
[WhiteTeam "Monheim"]
[BlackTeam "Elberfeld"]
[WhiteTeamCountry "GER"]
[BlackTeamCountry "GER"]

1. e4 e6 2. d4 d5 3. Nc3 Bb4 4. e5 c5 5. a3 Bxc3+ 6. bxc3 Ne7 7. Rb1 Qa5 8. Qd2 b6 9. Rb5 Qa4 10. dxc5 Qe4+ 11. Qe2 Ba6 12. Qxe4 dxe4 13. cxb6 Bxb5 14. b7 Bc6 15. Bb5 0-0 16. Bg5 Bxb7 17. Bxe7 Rc8 18. Ne2 a6 19. Ba4 Nc6 20. Bd6 Na5 21. 0-0 Bd5 22. Rd1 Ra7 23. Nf4 Bc6 24. Bb3 Rb7 25. Bb4 Nxb3 26. cxb3 a5 27. Bxa5 Rxb3 28. Bb4 Bb5 29. h4 h6 30. g4 g5 31. hxg5 hxg5 32. Nh3 Bd3 33. Nxg5 Rb1 34. Rxb1 Bxb1 35. Kg2 Kg7 36. Kg3 Kg6 37. Nh3 Bc2 38. Nf4+ Kg7 39. Ne2 Rc7 40. Kf4 Kg6 41. Nd4 Bd1 42. Nb5 Rc6 43. Nd6 Bc2 44. c4 Rc7 45. c5 Rc6 46. Nb5 Rc8 47. Nd4 Bd1 48. Kxe4 Bxg4 49. c6 Bd1 50. Bd6 Ba4 51. c7 Ra8 52. Kd3 Kg5 53. Kc3 Bd7 54. Nb3 Bc8 55. Kb4 f6 56. Nc5 fxe5 57. Bxe5 Kg6 58. a4 Kf7 59. a5 Ke7 60. Kb5 Ke8 61. Bd6 Bd7+ 62. Kb4 Bc8 63. Be5 Bd7 64. Nxd7 Kxd7 65. Kb5 Rf8 66. f4 Rg8 67. Kb6 Kc8 68. a6 Rg3 69. a7 Ra3 70. Bc3 e5 71. Ba5 1-0

[Event "Oberliga NRW 0102 I"]
[Site "Germany"]
[Date "2002.01.13"]
[Round "5.6"]
[White "Vetter, Herbert"]
[Black "Hunold, Rolf"]
[Result "1-0"]
[WhiteElo "2224"]
[BlackElo "2203"]
[PlyCount "119"]
[EventDate "2001.10.??"]
[EventType "team"]
[EventRounds "9"]
[EventCountry "GER"]
[SourceTitle "EXT 2004"]
[Source "ChessBase"]
[SourceDate "2003.11.25"]
[SourceVersion "1"]
[SourceVersionDate "2003.11.25"]
[SourceQuality "1"]
[WhiteTeam "Monheim"]
[BlackTeam "Letmathe"]
[WhiteTeamCountry "GER"]
[BlackTeamCountry "GER"]

1. e4 c5 2. c3 Nf6 3. e5 Nd5 4. d4 cxd4 5. cxd4 e6 6. Nf3 Bb4+ 7. Bd2 Nc6 8. Bc4 Nb6 9. Bb5 Be7 10. 0-0 0-0 11. Qc2 f5 12. Nc3 g5 13. Ne2 Nb4 14. Qc1 a6 15. Bxb4 Bxb4 16. Bd3 Be7 17. h3 Nd5 18. Bc4 Nc7 19. a4 b6 20. Qc3 Bb7 21. Qb3 Rb8 22. Nh2 Nd5 23. Qg3 Kh8 24. Rac1 Qe8 25. Rfd1 b5 26. axb5 axb5 27. Bb3 Qh5 28. Qd3 b4 29. Bc4 Ra8 30. Ra1 Rg8 31. Ba6 Rxa6 32. Rxa6 Nf4 33. Nxf4 gxf4 34. f3 Qxh3 35. Rd2 Bxa6 36. Qxa6 Qg3 37. Qb7 Rd8 38. Nf1 Qg8 39. Rc2 Qe8 40. Rc7 Rb8 41. Qa7 Rd8 42. Qa4 Kg8 43. b3 Kf8 44. Nd2 Ra8 45. Qxd7 Qxd7 46. Rxd7 Ke8 47. Rc7 Ra2 48. Nc4 Ra1+ 49. Kf2 Rd1 50. Rc8+ Kf7 51. Rh8 Rxd4 52. Rxh7+ Kf8 53. Ke2 Rd7 54. Nb6 Ra7 55. Rh8+ Kg7 56. Ra8 Rc7 57. Nc4 Rd7 58. Ra6 Kf7 59. Na5 Rc7 60. Nc6 1-0

[Event "Oberliga NRW 0001 II"]
[Site "NRW"]
[Date "2001.03.18"]
[Round "7.6"]
[White "Van Beek, Lucien"]
[Black "Vetter, Herbert"]
[Result "1/2-1/2"]
[WhiteElo "2370"]
[BlackElo "2230"]
[PlyCount "53"]
[EventDate "2000.09.24"]
[EventType "team"]
[EventRounds "9"]
[EventCountry "GER"]
[SourceTitle "EXT 2006"]
[Source "ChessBase"]
[SourceDate "2005.11.24"]
[SourceVersion "1"]
[SourceVersionDate "2005.11.24"]
[SourceQuality "1"]
[WhiteTeam "Emsdetten Turm"]
[BlackTeam "Monheim"]
[WhiteTeamCountry "GER"]
[BlackTeamCountry "GER"]

1. d4 Nf6 2. c4 g6 3. Nc3 d5 4. cxd5 Nxd5 5. e4 Nb6 6. Be3 Bg7 7. h3 c6 8. Nf3 Be6 9. Ng5 Qd7 10. Na4 Nxa4 11. Qxa4 0-0 12. Nxe6 Qxe6 13. Qc2 Qd6 14. Rd1 Nd7 15. Bc4 Nb6 16. Bb3 Qb4+ 17. Rd2 Rfd8 18. 0-0 Rd7 19. a3 Qa5 20. Rc1 Rad8 21. Qd1 e6 22. Rc5 Qa6 23. Bg5 Re8 24. Bf4 Red8 25. Bg5 Re8 26. Rc3 Qa5 27. Rc5 1/2-1/2

[Event "Oberliga NRW 0001 II"]
[Site "NRW"]
[Date "2000.10.29"]
[Round "2.6"]
[White "Vetter, Herbert"]
[Black "Bayer, Ernst Wolfgang"]
[Result "1-0"]
[WhiteElo "2230"]
[BlackElo "2252"]
[PlyCount "75"]
[EventDate "2000.09.24"]
[EventType "team"]
[EventRounds "9"]
[EventCountry "GER"]
[SourceTitle "EXT 2006"]
[Source "ChessBase"]
[SourceDate "2005.11.24"]
[SourceVersion "1"]
[SourceVersionDate "2005.11.24"]
[SourceQuality "1"]
[WhiteTeam "Monheim"]
[BlackTeam "Koeln SF"]
[WhiteTeamCountry "GER"]
[BlackTeamCountry "GER"]

1. e4 c5 2. c3 d5 3. exd5 Qxd5 4. d4 Nf6 5. Nf3 e6 6. Be2 Be7 7. 0-0 0-0 8. c4 Qd6 9. dxc5 Qxd1 10. Rxd1 Ne4 11. Be3 Nc6 12. Nd4 Bf6 13. Nc3 Nxc3 14. bxc3 Na5 15. Nb5 a6 16. Nc7 Rb8 17. Bf4 Bxc3 18. Nxa6 e5 19. Nxb8 exf4 20. Rac1 Bb4 21. Nd7 Bxd7 22. Rxd7 Bxc5 23. Bf3 b6 24. Bd5 g5 25. Re1 Kg7 26. Re4 Kf6 27. Kf1 h6 28. Ke2 Kf5 29. h3 Kf6 30. Kf3 Kg6 31. g3 fxg3 32. fxg3 h5 33. Re5 Kf6 34. Ke4 Kg6 35. g4 hxg4 36. hxg4 Ba3 37. Rf5 f6 38. Kd3 1-0

[Event "Oberliga NRW 0001 II"]
[Site "NRW"]
[Date "2000.09.24"]
[Round "1.6"]
[White "Boehle, Lars"]
[Black "Vetter, Herbert"]
[Result "1-0"]
[WhiteElo "2254"]
[BlackElo "2230"]
[PlyCount "101"]
[EventDate "2000.09.24"]
[EventType "team"]
[EventRounds "9"]
[EventCountry "GER"]
[SourceTitle "EXT 2006"]
[Source "ChessBase"]
[SourceDate "2005.11.24"]
[SourceVersion "1"]
[SourceVersionDate "2005.11.24"]
[SourceQuality "1"]
[WhiteTeam "Bochum II"]
[BlackTeam "Monheim"]
[WhiteTeamCountry "GER"]
[BlackTeamCountry "GER"]

1. d4 Nf6 2. c4 e6 3. Nc3 d5 4. Bg5 Be7 5. e3 0-0 6. Nf3 b6 7. Bd3 dxc4 8. Bxc4 Bb7 9. 0-0 Nbd7 10. Qe2 c5 11. Rfd1 Rc8 12. Ba6 Bxa6 13. Qxa6 cxd4 14. Rxd4 Qc7 15. Rad1 Nc5 16. Qe2 e5 17. Rd5 e4 18. Nd4 Qb7 19. Bxf6 Bxf6 20. Qg4 Rcd8 21. Rxd8 Rxd8 22. b4 h5 23. Qf5 Na6 24. a3 Qc7 25. Nd5 Qe5 26. Qxe5 Bxe5 27. Ne7+ Kh7 28. Nec6 Rd5 29. Nxe5 Rxe5 30. Nc6 Rf5 31. Nxa7 Nc7 32. Nc6 Nd5 33. a4 Nc3 34. Ra1 h4 35. a5 bxa5 36. bxa5 Rc5 37. a6 Nb5 38. a7 Nc7 39. Nd4 Na8 40. h3 g6 41. Kf1 Rc7 42. Ke2 Rb7 43. Ra2 Kg7 44. Kd2 f6 45. Ne6+ Kg8 46. Kc3 Rb6 47. Nc5 Rc6 48. Kd4 Kf7 49. Rb2 Rc7 50. Rb7 f5 51. Kd5 1-0

[Event "Oberliga NRW 9899 I"]
[Site "Germany"]
[Date "1999.??.??"]
[Round "8.4"]
[White "Vetter, Herbert"]
[Black "Wengenroth, Walter"]
[Result "0-1"]
[WhiteElo "2220"]
[BlackElo "2140"]
[PlyCount "80"]
[EventDate "1998.10.10"]
[EventType "team"]
[EventRounds "9"]
[EventCountry "GER"]
[SourceTitle "EXT 2000"]
[Source "ChessBase"]
[SourceDate "1999.11.16"]
[SourceVersion "1"]
[SourceVersionDate "1999.11.16"]
[SourceQuality "1"]
[WhiteTeam "Monheim"]
[BlackTeam "Duisburg II"]
[WhiteTeamCountry "GER"]
[BlackTeamCountry "GER"]

1. e4 e5 2. Bc4 Nf6 3. d3 Nc6 4. Nc3 Bb4 5. Bd2 d6 6. Nge2 Na5 7. a3 Nxc4 8. axb4 Nxd2 9. Qxd2 0-0 10. 0-0 d5 11. exd5 Nxd5 12. Nxd5 Qxd5 13. Ra5 Qd6 14. Qc3 Re8 15. Ng3 b6 16. Ne4 Qe7 17. Ra3 Bb7 18. Qc4 Red8 19. Ng3 Rd4 20. Qa2 a6 21. b5 a5 22. b4 Rxb4 23. c4 Rd8 24. Re1 Qg5 25. Qa1 f6 26. Qc3 h5 27. Raa1 h4 28. Ne4 Qf5 29. Re3 Rd4 30. f3 Qd7 31. Nd2 Rf4 32. Kf2 Qd4 33. Qxd4 Rxd4 34. Ke2 c6 35. bxc6 Bxc6 36. g3 a4 37. Kd1 b5 38. Kc2 bxc4 39. Kc3 Rb8 40. Nxc4 Rb3+ 0-1